[Event "It (open)"]
[Site "masterchessopen.com Santa Olaya (Spain)"]
[Round "5"]
[White "Suarez Montousse Andres (ESP)"]
[Black "Moran Llera Jose Angel (ESP)"]
[Result "1-0"]
[WhiteElo "1980"]
[BlackElo "1837"]

1.d4 Nf6 2.c4 g6 3.Nc3 Bg7 4.e4 d6 5.Nf3 O-O 6.Be2 e5 7.O-O Nc6 8.d5 Ne7 9.b4
Nd7 10.Ba3 f5 11.c5 Nf6 12.cxd6 cxd6 13.Nd2 f4 14.Rc1 a6 15.Nc4 b5 16.Na5 h5
17.Nc6 Bd7 {#r} 1-0

[Event "It (open)"]
[Site "masterchessopen.com Sautron (France)"]
[Round "8"]
[White "Poulain Yves (FRA)"]
[Black "Bergez Luc (FRA)"]
[Result "0-1"]
[WhiteElo "1831"]
[BlackElo "2395"]

1.d4 Nf6 2.Nf3 g6 3.c4 Bg7 4.Nc3 O-O 5.e4 d6 6.Be2 e5 7.O-O Nc6 8.d5 Ne7 9.b4
a5 10.Ba3 axb4 11.Bxb4 b6 12.a4 Ne8 13.Nb5 f5 14.Nd2 Bh6 15.Qc2 Kh8 16.Rfd1
Ba6 17.Nb3 fxe4 18.Bd2 e3 19.Bxe3 Bxe3 20.fxe3 Nf5 21.Rf1 Qg5 22.e4 Ne3 {#R}
0-1

[Event "It (open)"]
[Site "masterchessopen.com Senden (Germany)"]
[Round "0"]
[White "Schlecht Daniel (GER)"]
[Black "Kemper Meinolf (GER)"]
[Result "1-0"]
[WhiteElo "2395"]
[BlackElo "2114"]

1.d4 Nf6 2.c4 g6 3.Nc3 Bg7 4.e4 d6 5.Nf3 O-O 6.Be2 e5 7.O-O Nc6 8.d5 Ne7 9.b4
a5 10.Ba3 Nh5 11.c5 Nf4 12.cxd6 cxd6 13.bxa5 Rxa5 14.Bb4 Nxe2+ 15.Qxe2 Ra6
16.Nd2 f5 17.Nc4 f4 18.f3 Rf6 19.Nb5 Bf8 20.Rac1 g5 21.Bxd6 Rfxd6 22.Nbxd6
Rxd6 23.Nxd6 Qxd6 24.Qc4 Kf7 25.Qc7 {#r} 1-0

[Event "It (open)"]
[Site "masterchessopen.com Senta (Serbia)"]
[Date "2009.07.19"]
[Round "2"]
[White "Petrekanovic Miroslav (SRB)"]
[Black "Cabarkapa Novak (SRB)"]
[Result "0-1"]
[WhiteElo "2152"]
[BlackElo "2028"]

1.d4 Nf6 2.Nf3 g6 3.c4 Bg7 4.Nc3 O-O 5.e4 d6 6.Be2 e5 7.O-O Nc6 8.d5 Ne7 9.b4
a5 10.Ba3 axb4 11.Bxb4 Ne8 12.a4 f5 13.Nd2 fxe4 14.Ndxe4 Nf5 15.c5 Nd4 16.cxd6
cxd6 17.Bb5 Nxb5 18.Nxb5 Ra6 19.Rc1 Bh6 20.Nexd6 Nxd6 21.Bxd6 {#R} 0-1

[Event "It (open)"]
[Site "masterchessopen.com Skopje (Macedonia)"]
[Date "2012.04.13"]
[Round "8"]
[White "Kantorik Marian (SVK)"]
[Black "Arat Ufuk Sezen (TUR)"]
[Result "0-1"]
[WhiteElo "2323"]
[BlackElo "2047"]

1.d4 Nf6 2.c4 g6 3.Nc3 Bg7 4.e4 d6 5.Be2 O-O 6.Nf3 e5 7.O-O Nc6 8.d5 Ne7 9.b4
Nh5 10.Re1 f5 11.Ng5 Nf6 12.Bf3 c6 13.Bb2 h6 14.Ne6 Bxe6 15.dxe6 fxe4 16.Nxe4
Nxe4 17.Rxe4 d5 18.cxd5 cxd5 19.Rxe5 Bxe5 20.Bxe5 Qb6 21.Bb2 Qxb4 22.Rb1 Qc5
23.Qd3 Kh7 24.h4 Rae8 {#R} 0-1

[Event "It (open)"]
[Site "masterchessopen.com Soest (Netherlands)"]
[Round "7"]
[White "Kodentsov Grisja (NED)"]
[Black "Van Leent Dmitri (NED)"]
[Result "1-0"]
[WhiteElo "2275"]
[BlackElo "2070"]

1.d4 Nf6 2.Nf3 g6 3.c4 Bg7 4.Nc3 O-O 5.e4 d6 6.Be2 e5 7.O-O Nc6 8.d5 Ne7 9.b4
Nd7 10.Nd2 f5 11.f3 f4 12.c5 g5 13.Nc4 a5 14.cxd6 cxd6 15.bxa5 Rf6 16.Ba3 Rh6
17.Nb5 g4 18.fxg4 Ng6 19.Nbxd6 Nh4 20.Bf3 Ra6 21.Rc1 Nxg2 22.Bxg2 Bf8 23.Nf5
Rhg6 24.Bxf8 {#r} 1-0

[Event "It (open)"]
[Site "masterchessopen.com Sofia (Bulgaria)"]
[Date "2004.10.10"]
[Round "6"]
[White "Kuzmanov Stojan (BUL)"]
[Black "Vasilev Nikolai (BUL)"]
[Result "0-1"]
[WhiteElo "2218"]
[BlackElo "2305"]

1.d4 Nf6 2.c4 g6 3.Nc3 Bg7 4.e4 d6 5.Nf3 O-O 6.Be2 e5 7.O-O Nc6 8.d5 Ne7 9.b4
Nh5 10.Re1 Nf4 11.Bf1 f5 12.Bxf4 exf4 13.e5 dxe5 14.Nxe5 g5 15.c5 Ng6 16.Nxg6
hxg6 17.Qb3 Kh7 18.Rad1 g4 19.d6 cxd6 20.Rxd6 Qg5 21.Nd5 f3 22.Re7 f4 23.Qc3
Qxe7 {#R} 0-1

[Event "It (open)"]
[Site "masterchessopen.com Sofia (Bulgaria)"]
[Date "2005.01.30"]
[Round "4"]
[White "Kuzmanov Stojan (BUL)"]
[Black "Aleksiev Stefan (BUL)"]
[Result "0-1"]
[WhiteElo "2219"]
[BlackElo "1865"]

1.d4 Nf6 2.Nf3 g6 3.c4 Bg7 4.Nc3 O-O 5.e4 d6 6.Be2 Nc6 7.O-O e5 8.d5 Ne7 9.b4
Nh5 10.c5 f5 11.Ng5 Nf4 12.Bc4 h6 13.Ne6 Bxe6 14.dxe6 fxe4 15.Nd5 Kh7 16.Bxf4
exf4 17.Rc1 dxc5 18.bxc5 Rf5 19.Nxe7 Qxe7 20.Qb3 f3 21.Qxb7 fxg2 22.Qxa8 Qh4
23.e7 gxf1=Q+ 24.Bxf1 Qg5+ {#R} 0-1

[Event "It (open)"]
[Site "masterchessopen.com St-Chely d'Aubrac (France)"]
[Round "8"]
[White "Villeneuve Alain (FRA)"]
[Black "Chevrier Thomas (FRA)"]
[Result "0-1"]
[WhiteElo "2289"]
[BlackElo "2223"]

1.d4 Nf6 2.c4 g6 3.Nc3 Bg7 4.e4 d6 5.Nf3 O-O 6.Be2 e5 7.O-O Nc6 8.d5 Ne7 9.b4
a5 10.Ba3 Ne8 11.c5 axb4 12.Bxb4 f5 13.Nd2 fxe4 14.Ndxe4 Nf5 15.a4 Nd4 16.a5
Rf4 17.f3 Bh6 18.Bd3 Rh4 19.Re1 Bf4 20.Nb5 Rxh2 21.Nxd4 Qh4 22.Nf2 Bg3 23.Ne6
Rxg2+ {#R} 0-1

[Event "It (open)"]
[Site "masterchessopen.com St. Lo (France)"]
[Round "1"]
[White "Dumitrache Dragos-Nicolae (ROM)"]
[Black "Pastorelli Loic (FRA)"]
[Result "1-0"]
[WhiteElo "2439"]
[BlackElo "1794"]

1.d4 Nf6 2.c4 g6 3.Nc3 Bg7 4.e4 d6 5.Nf3 O-O 6.Be2 e5 7.O-O Nc6 8.d5 Ne7 9.b4
Ne8 10.c5 f5 11.Ng5 a5 12.Ba3 Kh8 13.b5 Rf6 14.b6 h6 15.bxc7 Qxc7 16.Nb5 Qd8
17.Nxd6 Ng8 18.Ne6 Bxe6 19.dxe6 Rxe6 20.Bc4 Rf6 21.Rc1 Bf8 22.Qd5 {#r} 1-0

[Event "It (open)"]
[Site "masterchessopen.com St. Veit (Austria)"]
[Date "2008.07.07"]
[Round "3"]
[White "Dietmayer-Kraeutler Marco (AUT)"]
[Black "Kuttnig Roland (AUT)"]
[Result "1-0"]
[WhiteElo "2302"]
[BlackElo "1931"]

1.d4 Nf6 2.c4 d6 3.Nc3 g6 4.e4 Bg7 5.Nf3 O-O 6.Be2 e5 7.O-O Nc6 8.d5 Ne7 9.b4
Nd7 10.Re1 f5 11.Ng5 Nf6 12.Bf3 f4 13.Bb2 h6 14.Ne6 Bxe6 15.dxe6 g5 16.h3 Nc6
17.Nd5 Re8 18.b5 Na5 19.Bc3 Nxc4 20.e7 Rxe7 21.Qb3 {#r} 1-0

[Event "It (open)"]
[Site "masterchessopen.com Stuttgart (Germany)"]
[Round "1"]
[White "Bunzmann Dimitrij (GER)"]
[Black "Ludwig Sebastian (GER)"]
[Result "1-0"]
[WhiteElo "2544"]
[BlackElo "2068"]

1.d4 Nf6 2.c4 g6 3.Nc3 Bg7 4.e4 d6 5.Nf3 O-O 6.Be2 e5 7.O-O Nc6 8.d5 Ne7 9.b4
a5 10.Ba3 axb4 11.Bxb4 Nh5 12.c5 Bg4 13.h3 Bxf3 14.Bxf3 Nf4 15.h4 f5 16.g3
fxe4 17.Bxe4 Nh5 18.Nb5 Qd7 19.cxd6 Qxb5 20.dxe7 Rxf2 21.Rxf2 Qxb4 22.d6 cxd6
23.Qd5+ Kh8 24.Qxb7 Qxb7 25.Bxb7 Re8 26.Rc1 {#r} 1-0

[Event "It (open)"]
[Site "masterchessopen.com Szombathely (Hungary)"]
[Round "4"]
[White "Rachela Milan (SVK)"]
[Black "Garrido Andreu (ESP)"]
[Result "1-0"]
[WhiteElo "2315"]
[BlackElo "1977"]

1.d4 Nf6 2.Nf3 g6 3.c4 Bg7 4.Nc3 O-O 5.e4 d6 6.Be2 e5 7.O-O Nc6 8.d5 Ne7 9.b4
Nh5 10.Re1 f5 11.Ng5 Nf6 12.Bf3 h6 13.Ne6 Bxe6 14.dxe6 Qc8 15.Nd5 Re8 16.Bxh6
Nxe4 17.Bxg7 Kxg7 18.Bxe4 fxe4 19.Qg4 Nf5 20.h4 Rh8 21.Qg5 c6 22.Qf6+ Kh7
23.Ne7 Qe8 24.Nxf5 Rf8 25.Qg7# 1-0

[Event "It (open)"]
[Site "masterchessopen.com Teteven (Bulgaria)"]
[Date "2008.08.16"]
[Round "1"]
[White "Garnizov Ivan (BUL)"]
[Black "Bonev Todor (BUL)"]
[Result "0-1"]
[WhiteElo "1939"]
[BlackElo "2270"]

1.d4 Nf6 2.Nf3 g6 3.c4 Bg7 4.Nc3 O-O 5.e4 d6 6.Be2 e5 7.O-O Nc6 8.d5 Ne7 9.b4
Nh5 10.Re1 a5 11.Ba3 f5 12.c5 Nf4 13.Bf1 fxe4 14.Ng5 Nexd5 15.Nxd5 Qxg5 16.g3
Bg4 17.Qb3 a4 18.gxf4 exf4 19.Nc3+ axb3 {#R} 0-1

[Event "It (open)"]
[Site "masterchessopen.com Tibor (Czech Republic)"]
[Date "2010.08.05"]
[Round "6"]
[White "Severa Jiri (CZE)"]
[Black "Kovarik Matyas (CZE)"]
[Result "1-0"]
[WhiteElo "1727"]
[BlackElo "1522"]

1.d4 Nf6 2.Nf3 g6 3.c4 d6 4.Nc3 Bg7 5.e4 O-O 6.Be2 e5 7.O-O Nc6 8.d5 Ne7 9.b4
Nd7 10.Ba3 f5 11.c5 fxe4 12.Nxe4 Nf6 13.Nxf6+ Bxf6 14.Nd2 dxc5 15.bxc5 Nxd5
16.Bc4 c6 17.Ne4 Kh8 18.Qb3 Ne7 19.Nxf6 Rxf6 20.Bb2 Qc7 21.f4 {#r} 1-0

[Event "It (open)"]
[Site "masterchessopen.com Toulon (France)"]
[Round "2"]
[White "Gozzoli Yannick (FRA)"]
[Black "Gardes Williams (FRA)"]
[Result "1-0"]
[WhiteElo "2305"]
[BlackElo "1821"]

1.d4 Nf6 2.c4 g6 3.Nc3 Bg7 4.e4 d6 5.Be2 O-O 6.Nf3 e5 7.O-O Nc6 8.d5 Ne7 9.b4
c6 10.Rb1 Bd7 11.Ba3 cxd5 12.cxd5 Ne8 13.b5 f5 14.Ng5 Rf6 15.Qb3 Nc8 16.Ne6
Qe7 17.f4 Rf7 18.exf5 gxf5 19.Bh5 Bxe6 20.dxe6 Rf8 21.Nd5 {#r} 1-0

[Event "It (open)"]
[Site "masterchessopen.com Tromsoe (Norway)"]
[Round "5"]
[White "Romsdal Trond (NOR)"]
[Black "Vik-Hansen Rune (NOR)"]
[Result "1-0"]
[WhiteElo "2222"]
[BlackElo "1958"]

1.d4 Nf6 2.Nf3 g6 3.c4 Bg7 4.Nc3 O-O 5.e4 d6 6.Be2 e5 7.O-O Nc6 8.d5 Ne7 9.b4
Nh5 10.Re1 Nf4 11.Bf1 a5 12.bxa5 Rxa5 13.a4 c5 14.dxc6 {#r} 1-0

[Event "It (open)"]
[Site "masterchessopen.com Tromsoe (Norway)"]
[Date "2009.08.01"]
[Round "1"]
[White "Stokke Kjetil (NOR)"]
[Black "Haslinger Ewald (AUT)"]
[Result "1-0"]
[WhiteElo "2347"]
[BlackElo "1723"]

1.Nf3 Nf6 2.c4 g6 3.Nc3 Bg7 4.e4 d6 5.d4 O-O 6.Be2 e5 7.O-O Nc6 8.d5 Ne7 9.b4
b6 10.a4 Ne8 11.a5 Bd7 12.c5 bxc5 13.bxc5 dxc5 14.Na4 Nd6 15.Nxc5 f5 16.Ng5
Qe8 17.Nge6 Bxe6 18.Nxe6 Qd7 19.Nxg7 Kxg7 20.Bb2 Nxe4 21.Bxe5+ Kg8 22.Rc1 Nd6
23.Ba1 Rab8 24.Qd4 Ne8 25.Qh8+ Kf7 26.Qxh7+ {#r} 1-0

[Event "It (open)"]
[Site "masterchessopen.com Utrecht (Netherlands)"]
[Round "1"]
[White "Both Bert (NED)"]
[Black "Pilgrim Peter (NED)"]
[Result "1-0"]
[WhiteElo "2163"]
[BlackElo "2016"]

1.d4 Nf6 2.Nf3 g6 3.c4 Bg7 4.Nc3 O-O 5.e4 d6 6.Be2 e5 7.O-O Nc6 8.d5 Ne7 9.b4
Ne8 10.c5 f5 11.Ng5 Kh8 12.a4 h6 13.Ne6 Bxe6 14.dxe6 fxe4 15.Bc4 Nc6 16.Nd5
Qh4 17.b5 Nd4 18.Ra3 e3 19.Nxe3 dxc5 20.Ng4 h5 21.Rh3 Qe7 22.Re1 Rd8 23.Bd2
Nf5 24.Nxe5 Rf6 25.Nf7+ Kg8 26.Nxd8 {#r} 1-0

[Event "It (open)"]
[Site "masterchessopen.com Vienna (Austria)"]
[Round "8"]
[White "Arkhangelsky Boris (RUS)"]
[Black "Lapienis Donatas (LTU)"]
[Result "0-1"]
[WhiteElo "2380"]
[BlackElo "2350"]

1.d4 Nf6 2.c4 g6 3.Nc3 Bg7 4.e4 d6 5.Be2 O-O 6.Nf3 e5 7.O-O Nc6 8.d5 Ne7 9.b4
Nh5 10.Re1 f5 11.Ng5 Nf6 12.Bf3 Ne8 13.Bb2 Bf6 14.Ne6 Bxe6 15.dxe6 Ng7 16.Qb3
Kh8 17.c5 h6 {#R} 0-1

[Event "It (open)"]
[Site "masterchessopen.com Villa Ballester (Argentina)"]
[Date "2005.01.14"]
[Round "7"]
[White "Aberbach Angel (ARG)"]
[Black "Sanduay Nicolas (ARG)"]
[Result "1-0"]
[WhiteElo "2083"]
[BlackElo "1963"]

1.Nf3 Nf6 2.c4 g6 3.Nc3 Bg7 4.e4 d6 5.d4 O-O 6.Be2 e5 7.O-O Nc6 8.d5 Ne7 9.b4
Nd7 10.a4 f5 11.Ng5 Nf6 12.Qb3 f4 13.c5 h6 14.cxd6 hxg5 15.dxe7 Qxe7 16.d6+
{#r} 1-0

[Event "It (open)"]
[Site "masterchessopen.com Villa Martelli (Argentina)"]
[Round "8"]
[White "Benedetto Abel (ARG)"]
[Black "Lopez Carlos Manuel (CUB)"]
[Result "0-1"]
[WhiteElo "2190"]
[BlackElo "2321"]

1.d4 Nf6 2.Nf3 d6 3.c4 g6 4.Nc3 Bg7 5.e4 O-O 6.Be2 e5 7.O-O Nc6 8.d5 Ne7 9.b4
Ne8 10.Nd2 f5 11.c5 Nf6 12.Ba3 a6 13.b5 axb5 14.Qb3 Nxe4 15.Ndxe4 fxe4 16.cxd6
cxd6 17.Nxe4 Nf5 18.Qb4 Ra4 {#R} 0-1

[Event "It (open)"]
[Site "masterchessopen.com Vlissingen (Netherlands)"]
[Date "2007.07.10"]
[Round "8"]
[White "Verduyn Frederic (BEL)"]
[Black "Gorissen Hugo (NED)"]
[Result "1-0"]
[WhiteElo "2228"]
[BlackElo "2060"]

1.Nf3 g6 2.c4 Bg7 3.Nc3 d6 4.d4 Nf6 5.e4 O-O 6.Be2 e5 7.O-O Nc6 8.d5 Ne7 9.b4
Ne8 10.c5 f5 11.Nd2 Nf6 12.f3 f4 13.Nc4 Nh5 14.a4 Rf6 15.Ba3 Bd7 16.b5 Nc8
17.c6 bxc6 18.dxc6 Be6 19.Nd5 Rf7 20.a5 Bxd5 21.Qxd5 Ng3 22.hxg3 fxg3 23.Qe6
{#r} 1-0

[Event "It (open)"]
[Site "masterchessopen.com Vlissingen (Netherlands)"]
[Date "2008.08.02"]
[Round "1"]
[White "Vanderhallen Nicolas (BEL)"]
[Black "Sauper D"]
[Result "1-0"]
[WhiteElo "2222"]
[BlackElo "1822"]

1.d4 Nf6 2.c4 g6 3.Nc3 Bg7 4.e4 O-O 5.Nf3 d6 6.Be2 e5 7.O-O Nc6 8.d5 Ne7 9.b4
Nh5 10.Re1 f5 11.Ng5 Nf6 12.Bf3 c6 13.Bb2 h6 14.Ne6 Bxe6 15.dxe6 Ne8 16.Qb3
Qc8 17.c5 Rf6 18.exf5 d5 19.Rxe5 Nxf5 20.Bxd5 Ne7 21.Bc4 Rxf2 22.Re2 Rxe2
23.Nxe2 Nf6 24.Rf1 Ne4 25.Bxg7 Nd2 26.Qc3 {#r} 1-0

[Event "It (open)"]
[Site "masterchessopen.com Vlissingen (Netherlands)"]
[Date "2010.08.14"]
[Round "9"]
[White "Gryson Wouter (BEL)"]
[Black "Roeder Mathias (GER)"]
[Result "0-1"]
[WhiteElo "2230"]
[BlackElo "2406"]

1.d4 Nf6 2.Nf3 g6 3.c4 Bg7 4.Nc3 O-O 5.e4 d6 6.Be2 e5 7.O-O Nc6 8.d5 Ne7 9.b4
a5 10.bxa5 c5 11.dxc6 bxc6 12.Qd3 Ba6 13.Rd1 d5 14.Qc2 Qxa5 15.Bd2 Qc7 16.Rac1
d4 17.Na4 c5 18.Ne1 Bb7 19.f3 Nd7 20.Rb1 Bc6 21.Nb2 Rxa2 22.Qb3 Rfa8 23.Nc2
R2a7 24.Qd3 Qb8 25.Ne1 Rb7 26.Bc1 Ra2 {#R} 0-1

[Event "It (open)"]
[Site "masterchessopen.com Werther (Germany)"]
[Round "3"]
[White "Epishin Vladimir (GER)"]
[Black "Langheinrich Ferenc (GER)"]
[Result "1-0"]
[WhiteElo "2626"]
[BlackElo "2366"]

1.d4 Nf6 2.c4 g6 3.Nc3 Bg7 4.e4 d6 5.Nf3 O-O 6.Be2 e5 7.O-O Nc6 8.d5 Ne7 9.b4
a5 10.Ba3 axb4 11.Bxb4 b6 12.a4 Re8 13.Re1 h5 14.Bf1 Bg4 15.Nb5 Nh7 16.Be2 f5
17.Nd2 Bxe2 18.Qxe2 fxe4 19.Nxe4 Nf5 20.a5 Nd4 21.Qd3 bxa5 22.Rxa5 Rb8 23.Ra7
c6 24.dxc6 {#r} 1-0

[Event "It (open)"]
[Site "masterchessopen.com Zadar (Croatia)"]
[Round "2"]
[White "Cebalo Miso (CRO)"]
[Black "Jakic Ivan (CRO)"]
[Result "1-0"]
[WhiteElo "2485"]
[BlackElo "2280"]

1.d4 Nf6 2.Nf3 g6 3.c4 Bg7 4.Nc3 O-O 5.e4 d6 6.Be2 e5 7.O-O Nc6 8.d5 Ne7 9.b4
Kh8 10.c5 Nh5 11.Re1 Nf4 12.Bf1 Ng8 13.a4 f5 14.Bxf4 exf4 15.e5 g5 16.Rc1 g4
17.exd6 cxd6 18.Nd4 Rf6 19.Ncb5 Bf8 20.cxd6 Bxd6 21.Qb3 Bf8 22.Qc3 Bd6 23.Nxd6
Qxd6 24.Re8 {#r} 1-0

[Event "It (open)"]
[Site "masterchessopen.com Zaragoza (Spain)"]
[Round "2"]
[White "Estremera Panos Sergio (ESP)"]
[Black "Alcon Herrero Javier (ESP)"]
[Result "1-0"]
[WhiteElo "2398"]
[BlackElo "2064"]

1.d4 Nf6 2.c4 g6 3.Nc3 Bg7 4.e4 d6 5.Nf3 O-O 6.Be2 e5 7.O-O Nc6 8.d5 Ne7 9.b4
Nh5 10.Re1 Nf4 11.Bf1 h6 12.c5 f5 13.Bxf4 exf4 14.e5 g5 15.Qb3 Kh7 16.Rad1
dxe5 17.Nxe5 Ng6 18.Nxg6 Kxg6 19.d6 c6 20.Re7 Bf6 21.Rde1 Bd7 22.Bc4 g4 23.Ne2
Kg5 24.Nxf4 Bxe7 25.h4+ {#r} 1-0

[Event "It (open)"]
[Site "masterchessopen.com Zurich (Switzerland)"]
[Round "2"]
[White "Klauser Markus (SUI)"]
[Black "Schmidt Michael (GER)"]
[Result "1-0"]
[WhiteElo "2413"]
[BlackElo "2199"]

1.d4 Nf6 2.c4 g6 3.Nc3 Bg7 4.e4 d6 5.Nf3 O-O 6.Be2 e5 7.O-O Nc6 8.d5 Ne7 9.b4
Ne8 10.c5 f5 11.Ng5 dxc5 12.bxc5 h6 13.Ne6 Bxe6 14.dxe6 Qd4 15.Qb3 a5 16.Rd1
a4 17.Qa3 fxe4 {#r} 1-0

[Event "It (open) (a)"]
[Site "masterchessopen.com Dortmund (Germany)"]
[Round "9"]
[White "Podzielny Karl-Heinz (GER)"]
[Black "Overbeck Thorsten (GER)"]
[Result "1-0"]
[WhiteElo "2503"]
[BlackElo "2153"]

1.Nf3 Nf6 2.c4 g6 3.Nc3 Bg7 4.e4 d6 5.d4 O-O 6.Be2 e5 7.O-O Nc6 8.d5 Ne7 9.b4
a5 10.bxa5 Rxa5 11.a4 Ne8 12.Ba3 b6 13.Nd2 f5 14.Bf3 Bh6 15.Re1 fxe4 16.Ndxe4
Nf5 17.Bb4 Ra8 18.Nb5 Nh4 19.Bg4 Bf5 20.Ra3 Kh8 21.h3 Bxe4 22.Rxe4 Qe7 23.Rxe5
{#r} 1-0

[Event "It (open) (a)"]
[Site "masterchessopen.com Eforie Nord (Romania)"]
[Round "0"]
[White "Anghel Valentin (ROM)"]
[Black "Petrenko Svetlana (MDA)"]
[Result "0-1"]
[WhiteElo "2110"]
[BlackElo "2240"]

1.d4 Nf6 2.c4 g6 3.Nc3 Bg7 4.e4 d6 5.Nf3 O-O 6.Be2 e5 7.O-O Nc6 8.d5 Ne7 9.b4
Nh5 10.Re1 f5 11.Nd2 Nf6 12.f3 f4 13.c5 g5 14.cxd6 cxd6 15.Ba3 Qb6+ 16.Kh1 Qf2
17.Nc4 Ne8 18.Rg1 Qh4 19.Qe1 Qh5 20.Rc1 Rf6 21.Qf2 Qxh2+ {#R} 0-1

[Event "It (open) (active)"]
[Site "masterchessopen.com Bastia (France)"]
[Round "6"]
[White "Relange Eloi (FRA)"]
[Black "Juglard Eric (FRA)"]
[Result "1-0"]
[WhiteElo "2505"]
[BlackElo "2146"]

1.d4 Nf6 2.Nf3 g6 3.c4 Bg7 4.Nc3 O-O 5.e4 d6 6.Be2 e5 7.O-O Nc6 8.d5 Ne7 9.b4
a5 10.Ba3 Ne8 11.c5 axb4 12.Bxb4 f5 13.Ng5 dxc5 14.Bxc5 Nd6 15.Qb3 Kh8 16.Rad1
Rf6 17.Ne6 Bxe6 18.dxe6 Nec8 19.Bxd6 Nxd6 20.Nd5 Rxe6 21.Nxc7 {#r} 1-0

[Event "It (open) (b)"]
[Site "masterchessopen.com Kowalewo Pomorskie (Poland)"]
[Date "2009.07.08"]
[Round "6"]
[White "Dobrowolski Marcin (POL)"]
[Black "Kanarkiewicz Michal (POL)"]
[Result "0-1"]
[WhiteElo "1948"]
[BlackElo "1804"]

1.d4 Nf6 2.c4 g6 3.Nc3 Bg7 4.e4 d6 5.Nf3 O-O 6.Be2 e5 7.O-O Nc6 8.d5 Ne7 9.b4
a5 10.Ba3 axb4 11.Bxb4 Nd7 12.a4 f5 13.Nd2 Nf6 14.f3 c5 15.dxc6 Qb6+ 16.Kh1
Qxb4 {#R} 0-1

[Event "It (open) (b)"]
[Site "masterchessopen.com Maastricht (Netherlands)"]
[Date "2008.05.09"]
[Round "1"]
[White "De Graaf Arnoud (NED)"]
[Black "Orbons Richard"]
[Result "1-0"]
[WhiteElo "1785"]
[BlackElo "1662"]

1.Nf3 d6 2.d4 g6 3.c4 Bg7 4.Nc3 Nf6 5.e4 O-O 6.Be2 e5 7.O-O Nc6 8.d5 Ne7 9.b4
Kh8 10.c5 Ne8 11.Re1 f5 12.Ng5 Rf6 13.Bc4 a5 14.Ba3 axb4 15.Bxb4 dxc5 16.Bxc5
Nd6 17.Bb3 b6 18.Bb4 c5 19.dxc6 Nxc6 20.Bxd6 Rxd6 21.Qxd6 {#r} 1-0

[Event "It (open) (b)"]
[Site "masterchessopen.com Voronezh (Russia)"]
[Date "2007.06.15"]
[Round "4"]
[White "Bobrov Igor (RUS)"]
[Black "Karibov Evgeny (RUS)"]
[Result "1-0"]
[WhiteElo "2179"]
[BlackElo "1998"]

1.d4 g6 2.c4 Nf6 3.Nc3 Bg7 4.e4 O-O 5.Be2 d6 6.Nf3 e5 7.O-O Nc6 8.d5 Ne7 9.b4
Nh5 10.Re1 Nf4 11.Bf1 f5 12.Bxf4 exf4 13.e5 dxe5 14.Nxe5 Re8 15.Rc1 Kf8 16.c5
Ng8 17.Nf3 Nf6 18.Rxe8+ Qxe8 19.Nb5 Qd8 20.d6 cxd6 21.Nxd6 Qe7 22.Bc4 Rb8
23.Qd2 Bd7 24.Re1 Qd8 25.Ng5 Bh6 {#r} 1-0

[Event "It (open) (juniors)"]
[Site "masterchessopen.com Dubai (United Arab Emirates)"]
[Round "6"]
[White "Salehian Sina (IRI)"]
[Black "Mariano Nelson III (PHI)"]
[Result "0-1"]
[WhiteElo "2132"]
[BlackElo "2242"]

1.d4 Nf6 2.c4 g6 3.Nc3 Bg7 4.e4 d6 5.Nf3 O-O 6.Be2 e5 7.O-O Nc6 8.d5 Ne7 9.b4
Kh8 10.c5 Ne8 11.Nd2 f5 12.f3 f4 13.a4 g5 14.Nc4 h5 15.Ba3 Bh6 16.Kh1 Rg8
17.b5 g4 18.Bd3 g3 19.Re1 Nxd5 20.Qc2 Qh4 21.h3 Bxh3 22.gxh3 Qxh3+ 23.Kg1 g2
24.Ne2 Ne3 25.Qc3 Nf1 26.Kf2 {#R} 0-1

[Event "It (open) (juniors) (under 20)"]
[Site "masterchessopen.com Enschede (Netherlands)"]
[Date "2008.08.04"]
[Round "1"]
[White "De Ruiter Danny (NED)"]
[Black "Evengroen Ruben"]
[Result "1-0"]
[WhiteElo "2006"]
[BlackElo "1601"]

1.d4 Nf6 2.c4 g6 3.Nc3 Bg7 4.e4 d6 5.Nf3 O-O 6.Be2 e5 7.O-O Nc6 8.d5 Ne7 9.b4
Ne8 10.c5 f5 11.Ba3 fxe4 12.Nxe4 Bf5 13.Nc3 e4 14.Nd4 Kh8 15.Bc4 Nf6 16.Qd2
dxc5 17.Nxf5 Nxf5 18.bxc5 Re8 19.Rae1 e3 20.fxe3 Ng4 21.Nd1 Nxh2 22.Rf4 Be5
23.Bb2 Qg5 24.Kxh2 Nxe3 25.Qxe3 Bxb2 26.Rf8+ {#r} 1-0

[Event "It (open) (masters)"]
[Site "masterchessopen.com Bunratty (Ireland)"]
[Date "2011.02.26"]
[Round "4"]
[White "Moynihan Kieran (IRL)"]
[Black "Doyle Hugh (IRL)"]
[Result "1-0"]
[WhiteElo "2167"]
[BlackElo "1903"]

1.d4 Nf6 2.c4 g6 3.Nc3 Bg7 4.e4 d6 5.Nf3 O-O 6.Be2 e5 7.O-O Nc6 8.d5 Ne7 9.b4
a5 10.Ba3 axb4 11.Bxb4 b6 12.a4 Nh5 13.g3 f5 14.Nd2 f4 15.g4 Nf6 16.f3 g5
17.a5 bxa5 18.Bxa5 h5 19.h3 hxg4 20.hxg4 Kf7 21.c5 dxc5 22.Nc4 Ne8 23.Nb5 Ba6
24.Nxc7 Bxc4 25.Ne6 Bxe2 26.Nxd8+ {#r} 1-0

[Event "It (sheveningen)"]
[Site "masterchessopen.com Parthenay (France)"]
[Round "2"]
[White "Harasta Vladimir (SVK)"]
[Black "Flament Alexandre (FRA)"]
[Result "0-1"]
[WhiteElo "2230"]
[BlackElo "2096"]

1.c4 Nf6 2.Nc3 g6 3.e4 d6 4.d4 Bg7 5.Nf3 O-O 6.Be2 e5 7.O-O Nc6 8.d5 Ne7 9.b4
a5 10.bxa5 Rxa5 11.Nd2 Ra7 12.Nb3 b6 13.a4 Ne8 14.a5 bxa5 15.Nxa5 Bd7 16.Bg5
f6 17.Bd2 f5 18.f3 Nf6 19.c5 f4 20.Nc4 Rxa1 21.Qxa1 Nh5 22.Qa5 Nc8 23.cxd6
cxd6 24.Qxd8 Rxd8 25.Rb1 Nf6 26.Rb7 g5 {#R} 0-1

[Event "It (young masters) (cat.4)"]
[Site "masterchessopen.com Winterthur (Switzerland)"]
[Date "2008.10.09"]
[Round "7"]
[White "Schiendorfer Emanuel (SUI)"]
[Black "Nuri Kambez (SUI)"]
[Result "1-0"]
[WhiteElo "2240"]
[BlackElo "2179"]

1.d4 Nf6 2.c4 g6 3.Nc3 Bg7 4.e4 d6 5.Nf3 O-O 6.Be2 e5 7.O-O Nc6 8.d5 Ne7 9.b4
Kh8 10.c5 Neg8 11.Qb3 Nh5 12.Rd1 f5 13.exf5 Bxf5 14.Ng5 Nf4 15.Bxf4 exf4
16.Ne6 Bxe6 17.dxe6 f3 18.Bxf3 Be5 19.cxd6 Rxf3 20.gxf3 Qh4 21.Kf1 cxd6 22.Ne4
Re8 23.Rac1 Qh3+ 24.Ke2 Qf5 25.Nxd6 Bxd6 26.Rxd6 {#r} 1-0